Drawing a step-by step guide to drawing techniques

Gardado en:
Detalles Bibliográficos
Autor Principal: GAIR, Angela
Formato: Libro
Idioma:inglés
Publicado: New Holland Publishers 1994
Tags: Engadir etiqueta
Sen Etiquetas, Sexa o primeiro en etiquetar este rexistro!

MARC

LEADER 00000nam a22000007a 4500
008 201215b ||||| |||| 00| 0 eng d
020 |a 1-85238-421-2 
100 |a GAIR, Angela. 
245 |a Drawing  |b a step-by step guide to drawing techniques  |c Angela Gair  |g 96p.; ill. 
260 |b New Holland Publishers  |c 1994  |h London  |i 691513   |l  NC730 .G12  |m Drawing – Technique 
500 |a It includes index 
942 |a lcc  |c BK  |e Kuteyi, M. A.  |f 15/12/2020 
952 |0 0  |1 0  |2 lcc  |4 0  |6 NC0730 G12  |7 0  |9 538  |a HOL  |b HOL  |c LP  |d 2020-12-15  |l 0  |o NC730 .G12  |p 2020-2260  |r 2020-12-15 00:00:00  |w 2020-12-15  |y BK 
999 |c 289  |d 289